00450nam a2200145Ia 4500003000900000008004100009040001600050080001200066100001700078245009800095260003400193300001300227490003300240650003100273IN-BaIIA211028s9999 xx 000 0 eng d cIIA Library a53bSTR aStrong, John 0aProcedures in experimental physicscJohn Strong  aNew YorkbPrentice-Hallc1939 ax, 642p. aPrentice-Hall physics series aPhysics-Laboratory manuals